000 00314nam a22001337a 4500
003 SGT
082 _a617.51
_bC16H
100 _aHAZARIKA ,PRODUL
245 _aCLINICAL AND OPERATIVE METHODS IN ENT AND HEAD AND NECK SURGERY
250 _a2ND
260 _aINDIA
_bCBS
_c2016
300 _a360
942 _2ddc
_cBK
_01
999 _c14340
_d14340